- Conciencia (Psicología)
Entry Materia
001 - NÚMERO DE CONTROL DEL REGISTRO
- campo de control: 10995
003 - IDENTIFICADOR DE NUMERO DE CONTROL
- campo de control: UPN
005 - FECHA Y HORA DE LA ÚLTIMA TRANSACCIÓN
- campo de control: 20221014151156.0
008 - DATOS DE LONGITUD FIJA
- campo de control de longitud fija: 221014n||acznnbabn | ana |d
035 ## - NÚMERO DE CONTROL DEL SISTEMA
- Número de control del sistema: UPN10000011002
040 ## - FUENTE DE LA CATALOGACIÓN
- Centro catalogador de origen: UPN
- Lengua de catalogación: spa
- Agencia de transcripción: UPN
046 ## - FECHAS CON CODIFICACIÓN ESPECIAL
- Fecha final para contenidos agregados: 2022
053 #4 - NÚMERO CLASIFICADOR - BIBLIOTECA DEL CONGRESO (LC)
- Elemento numérico de la clasificación - Número único o no. inicial del rango: BF311
150 ## - ENCABEZAMIENTO - TEMÁTICO
- Término de materia o nombre geográfico como elemento inicial: Conciencia (Psicología)
550 ## - VÉASE ADEMÁS - MATERIA
- Encabezamiento temático o nombre geográfico como elemento de entrada: Yo, El
550 ## - VÉASE ADEMÁS - MATERIA
- Subcampo de control: g
- Encabezamiento temático o nombre geográfico como elemento de entrada: Apercepción
550 ## - VÉASE ADEMÁS - MATERIA
- Subcampo de control: g
- Encabezamiento temático o nombre geográfico como elemento de entrada: Mente y cuerpo
550 ## - VÉASE ADEMÁS - MATERIA
- Subcampo de control: g
- Encabezamiento temático o nombre geográfico como elemento de entrada: Percepción
550 ## - VÉASE ADEMÁS - MATERIA
- Subcampo de control: g
- Encabezamiento temático o nombre geográfico como elemento de entrada: Psicología
550 ## - VÉASE ADEMÁS - MATERIA
- Subcampo de control: h
- Encabezamiento temático o nombre geográfico como elemento de entrada: Estados alterados de conciencia
550 ## - VÉASE ADEMÁS - MATERIA
- Subcampo de control: h
- Encabezamiento temático o nombre geográfico como elemento de entrada: Creencia y duda
550 ## - VÉASE ADEMÁS - MATERIA
- Subcampo de control: h
- Encabezamiento temático o nombre geográfico como elemento de entrada: Psicología Gestalt
550 ## - VÉASE ADEMÁS - MATERIA
- Subcampo de control: h
- Encabezamiento temático o nombre geográfico como elemento de entrada: Personalidad
550 ## - VÉASE ADEMÁS - MATERIA
- Subcampo de control: h
- Encabezamiento temático o nombre geográfico como elemento de entrada: Conciencia de sí mismo (Conocimiento)
670 ## - FUENTE EN LA QUE SE LOCALIZARON DATOS
- Cita de la fuente: DGB UNAM, 14 octubre 2022:
- Información localizada: encabezamiento (Conciencia (Psicología))
902 ## - CATALOGADOR
- Catalogador: LG/221096
